Highest countries by elevation - Statistics

General Stats
  • This quiz has been taken 13 times
  • The average score is 7 of 9
Answer Stats
Hint Answer % Correct
10715 FT nepal
100%
10760 FT bhutan
92%
6035 FT china
92%
6180 FT afghanistan
83%
9805 FT kyrgyzstan
83%
10455 FT tajikistan
83%
6140 FT chile
50%
7090 FT lesotho
50%
6550 FT andorra
33%
No matching quizzes found
Score Distribution
Percent of People with Each Score
Percentile by Number Answered
Your Score History
You have not taken this quiz